Statistics for Philadelphia 76ers: Leading Scorer Every Year

Click here to take the quiz!

General Stats

  • This quiz has been taken 871 times
    (376 since last reset)
  • The average score is 46 of 74

Answer Stats

YearPlayerAverage% Correct
2022-2023Joel Embiid33.1
100%
2021-2022Joel Embiid30.6
100%
2020-2021Joel Embiid28.5
100%
2019-2020Joel Embiid23.0
100%
2018-2019Joel Embiid27.5
100%
2002-2003Allen Iverson27.6
96%
1996-1997Allen Iverson23.5
96%
1997-1998Allen Iverson22.0
96%
1998-1999Allen Iverson26.8
96%
1999-2000Allen Iverson28.4
96%
2000-2001Allen Iverson31.1
96%
2001-2002Allen Iverson31.4
96%
2003-2004Allen Iverson26.4
96%
2004-2005Allen Iverson30.7
96%
2005-2006Allen Iverson33.0
96%
2006-2007Allen Iverson31.2
96%
2016-2017Joel Embiid20.2
94%
2017-2018Joel Embiid22.9
94%
1976-1977Julius Erving21.6
89%
1981-1982Julius Erving24.4
89%
1980-1981Julius Erving24.6
89%
1979-1980Julius Erving26.9
89%
1978-1979Julius Erving23.1
89%
1977-1978Julius Erving20.6
89%
1984-1985Moses Malone24.6
82%
1983-1984Moses Malone22.7
82%
1982-1983Moses Malone24.5
82%
1985-1986Moses Malone23.8
82%
1965-1966Wilt Chamberlain33.5
74%
1966-1967Wilt Chamberlain24.1
74%
1964-1965Wilt Chamberlain30.1
74%
1967-1968Wilt Chamberlain24.3
74%
1988-1989Charles Barkley25.8
70%
1989-1990Charles Barkley25.2
70%
1990-1991Charles Barkley27.6
70%
1991-1992Charles Barkley23.1
70%
1987-1988Charles Barkley28.3
70%
1986-1987Charles Barkley23.0
70%
1963-1964Hal Greer23.3
53%
1961-1962Hal Greer22.8
53%
1962-1963Hal Greer19.5
53%
1950-1951Dolph Schayes17.0
49%
1951-1952Dolph Schayes13.8
49%
1952-1953Dolph Schayes17.8
49%
1953-1954Dolph Schayes17.1
49%
1954-1955Dolph Schayes18.5
49%
1955-1956Dolph Schayes20.4
49%
1956-1957Dolph Schayes22.5
49%
1957-1958Dolph Schayes24.9
49%
1959-1960Dolph Schayes22.5
49%
1960-1961Dolph Schayes23.6
49%
1958-1959Dolph Schayes21.3
49%
1949-1950Dolph Schayes16.8
49%
2007-2008Andre Iguodala19.9
47%
2009-2010Andre Iguodala17.1
47%
2008-2009Andre Iguodala18.8
47%
2012-2013Jrue Holiday17.7
39%
2011-2012Lou Williams14.9
37%
1968-1969Billy Cunningham24.8
35%
1970-1971Billy Cunningham23.0
35%
1969-1970Billy Cunningham26.1
35%
1974-1975Fred Carter21.9
32%
1973-1974Fred Carter21.4
32%
1972-1973Fred Carter20.0
32%
2015-2016Jahlil Okafor17.5
30%
2010-2011Elton Brand15.0
21%
2013-2014Thaddeus Young17.9
19%
1992-1993Hersey Hawkins20.3
14%
1975-1976George McGinnis23.0
12%
1995-1996Jerry Stackhouse19.2
9%
2014-2015Tony Wroten16.9
9%
1994-1995Dana Barros20.6
8%
1993-1994Clarence Weatherspoon18.4
6%
1971-1972Archie Clark29.0
4%

Score Distribution

Percentile by Number Answered

Percent of People with Each Score

Your Score History

You have not taken this quiz since the last reset